Realizácia objektu riadenia a čiastočná implementácia riadiaceho programu pre PLC S7-300

Saved in:
Bibliographic Details
Main Author: Ivanovič, Andrej (Author)
Other Authors: Strémy, Maximilián (Thesis advisor)
Format: Manuscript Book
Language:Slovak
Published: 2015
Subjects:
Online Access:http://is.stuba.sk/zp/portal_zp.pl?podrobnosti=96374
Tags: Add Tag
No Tags, Be the first to tag this record!

MARC

LEADER 00000ntm a22000003a 4500
001 stuzp51321
003 SK-STU
005 20160719153823.6
007 ta
008 150427s2015----xo-----f-mn---000-0-slo-d
040 |a STU  |b slo 
041 0 |a slo 
100 1 |a Ivanovič, Andrej  |u 066000  |4 aut  |U MTF Materiálovotechnologická fakulta  |T MTF Ústav aplikovanej informatiky, automatizácie a mechatroniky  |X 46949  |U M6000  |Y 86  |7 46949 
242 0 1 |a Realisation of object of control and partial implementation of the control program for PLC S7-300  |y eng 
245 1 0 |a Realizácia objektu riadenia a čiastočná implementácia riadiaceho programu pre PLC S7-300 
260 |c 2015 
650 4 |a Riadiaci program  |2 slo 
650 4 |a Simatic S7-300  |2 slo 
650 4 |a objekt riadenia  |2 slo 
650 4 |a object of control  |2 eng 
650 4 |a control program  |2 eng 
650 4 |a Simatic S7-300  |2 eng 
700 1 |a Strémy, Maximilián  |4 ths  |X 3783  |7 A000003783 
856 4 |u http://is.stuba.sk/zp/portal_zp.pl?podrobnosti=96374 
996 |c M* BP-7094  |l MMSKP  |s P  |a 0  |w stuzp51321_0001 
SQL |a stuzp51321  |b DBP  |c SLO  |d Realizácia objektu riadenia a čiastočná implementácia riadiaceho programu pre PLC S7-300  |e 46949  |f Ivanovič, Andrej  |g 066000  |h 3783  |i Strémy, Maximilián  |j 20150624  |k 168  |l 06  |m http://is.stuba.sk/zp/portal_zp.pl?podrobnosti=96374  |n B-AIA  |o 5.2.14. automatizácia, 9.2.9. aplikovaná informatika